| 000 | 00772nam a2200241Ia 4500 | ||
|---|---|---|---|
| 003 | OSt | ||
| 005 | 20220926012233.0 | ||
| 006 | a|||||r|||| 00| 0 | ||
| 007 | ta | ||
| 008 | 220923b |||||||| |||| 00| 0 eng d | ||
| 020 |
_a9780521136402 _c1195.01 |
||
| 037 |
_b30487, 26/10/2010, Segment Book Distrobutors _cGeneral Book |
||
| 040 |
_aRTL _cRTL _beng |
||
| 041 |
_2eng _aeng |
||
| 082 | _aY:393, Q0 | ||
| 100 | _aDURANT Alan | ||
| 245 | 0 |
_aMeaning in the media _b Discourse, controversy and debate |
|
| 260 |
_aNew York _bCambridge _c2010 |
||
| 300 |
_axii, 254p Bibliography: P 240-49 _ccm. |
||
| 650 | _aSociology | ||
| 942 |
_hY:393, Q0 _cGB _2CC |
||
| 999 |
_c622153 _d622153 |
||